Задачи математических олимпиад

Бібліографічні деталі
Автор: Бабинская И. Л. Ирина Леонидовна
Мова:Російська
Опубліковано: Москва, Наука, 1975
Предмети:
Формат: MixedMaterials Книга
KOHA link:https://koha.lib.tpu.ru/cgi-bin/koha/opac-detail.pl?biblionumber=66678

MARC

LEADER 00000nam0a2200000 4500
001 66678
005 20231031072544.0
035 |a (RuTPU)RU\TPU\book\70892 
090 |a 66678 
100 |a 20040902d1975 m y0rusy50 ca 
101 0 |a rus 
102 |a RU 
105 |a y j 001zy 
200 1 |a Задачи математических олимпиад  |f И. Л. Бабинская 
210 |a Москва  |c Наука  |d 1975 
215 |a 111 с. 
320 |a Библиогр.: с. 111 
610 1 |a математика 
610 1 |a задачи 
610 1 |a решения 
610 1 |a олимпиады 
675 |a 51(076)  |v 3 
700 1 |a Бабинская  |b И. Л.  |g Ирина Леонидовна 
801 1 |a RU  |b 63413507  |c 20040902  |g PSBO 
801 2 |a RU  |b 63413507  |c 20140623  |g PSBO 
942 |c BK